000 00403 a2200169 4500
001 184112
020 _a85-16-0812-6
040 _cMagnum
100 _aMurgel Branco, Samuel
240 1 0 _aCurupira e o equilíbrio da natureza
_lpor
245 1 0 _aCurupira e o equilíbrio da natureza
300 _a16
362 0 _a1993
440 1 _aModerna
697 _aLITERATURA INFANTO-JUVENIL
942 _cBK
999 _c184112
_d184112